[Event "Amsterdam Science Park op-A"]
[Site "Amsterdam"]
[Date "2019.07.08"]
[Round "3"]
[White "Elgersma, Onno"]
[Black "Ballon, Guenther Jan"]
[Result "1-0"]
[WhiteElo "2232"]
[BlackElo "2089"]
[PlyCount "39"]
[EventDate "2019.07.06"]
[EventType "swiss"]
[EventRounds "9"]
[EventCountry "NED"]
[SourceTitle "CBM 191 Extra"]
[Source "ChessBase"]
[SourceDate "2019.09.30"]
[SourceVersion "1"]
[SourceVersionDate "2019.09.30"]
[SourceQuality "1"]

1. e4 c5 2. Nf3 e6 3. d4 cxd4 4. Nxd4 a6 5. Qd3 Nc6 6. Nxc6 dxc6 7. Qg3 c5 8. a4 Bd7 9. Nc3 Ne7 10. Bg5 h6 11. Bxe7 Qxe7 12. Rd1 Bc6 13. h4 h5 14. Bc4 Rc8 15. 0-0 g6 16. Nd5 exd5 17. exd5 Qc7 18. Rfe1+ Kd7 19. Qh3+ Kd6 20. Qe6+ 1-0

[Event "Muenster op 36th"]
[Site "Muenster"]
[Date "2018.10.13"]
[Round "3"]
[White "Kartsev, Soel"]
[Black "Ballon, Guenther Jan"]
[Result "1/2-1/2"]
[WhiteElo "2253"]
[BlackElo "2077"]
[PlyCount "120"]
[EventDate "2018.10.12"]
[EventType "swiss"]
[EventRounds "9"]
[EventCountry "GER"]
[SourceTitle "CBM 187 Extra"]
[Source "ChessBase"]
[SourceDate "2018.11.04"]
[SourceVersion "1"]
[SourceVersionDate "2018.11.04"]
[SourceQuality "1"]

1. e4 c5 2. Nf3 e6 3. c3 Nf6 4. e5 Nd5 5. d4 cxd4 6. cxd4 d6 7. Bc4 Nc6 8. 0-0 Be7 9. Qe2 0-0 10. Re1 Qc7 11. Nc3 Nxc3 12. bxc3 dxe5 13. dxe5 b6 14. Bd3 Bb7 15. Bg5 Na5 16. h4 Rfe8 17. Bxe7 Qxe7 18. Rad1 Red8 19. Be4 h6 20. g3 Rac8 21. Rxd8+ Qxd8 22. Bxb7 Nxb7 23. Rd1 Qc7 24. Nd4 Qxc3 25. Nb5 Qc4 26. Qxc4 Rxc4 27. Rd7 Rc5 28. Nd4 Na5 29. Rxa7 Rxe5 30. Ra8+ Kh7 31. Rb8 Rd5 32. Ne2 Rd6 33. h5 Nc4 34. Rb7 Rd2 35. Nc3 Rc2 36. Ne4 Re2 37. Nc3 Rc2 38. Ne4 Re2 39. Nc3 Rc2 40. Nb5 Rxa2 41. Rxf7 Ne5 42. Rb7 Ng4 43. Nd4 Nxf2 44. Nxe6 Nh3+ 45. Kf1 Rf2+ 46. Ke1 Rf6 47. Nxg7 Kg8 48. g4 Nf2 49. Ne8 Rf8 50. Rxb6 Nxg4 51. Rg6+ Kh7 52. Rxg4 Rxe8+ 53. Kf2 Re5 54. Rh4 Rg5 55. Kf3 Kg7 56. Rg4 Kf6 57. Rxg5 Kxg5 58. Kg3 Kxh5 59. Kh3 Kg5 60. Kg3 Kf5 1/2-1/2

[Event "Kavala op 26th"]
[Site "Kavala"]
[Date "2017.07.28"]
[Round "1"]
[White "Ballon, Guenther Jan"]
[Black "Dimitrov, Radoslav"]
[Result "1/2-1/2"]
[WhiteElo "2135"]
[BlackElo "2476"]
[PlyCount "152"]
[EventDate "2017.07.28"]
[EventType "swiss"]
[EventRounds "9"]
[EventCountry "GRE"]
[SourceTitle "CBM 179 Extra"]
[Source "ChessBase"]
[SourceDate "2017.08.23"]
[SourceVersion "1"]
[SourceVersionDate "2017.08.23"]
[SourceQuality "1"]

1. d4 d5 2. c4 e6 3. Nc3 a6 4. a4 Nf6 5. e3 c5 6. Nf3 Nc6 7. Be2 dxc4 8. Bxc4 Be7 9. 0-0 0-0 10. dxc5 Bxc5 11. b3 b6 12. Bb2 Bb7 13. Rc1 Na5 14. Qe2 Nxc4 15. Qxc4 Rc8 16. Qe2 Qe7 17. Rfd1 Rfd8 18. h3 h6 19. Rxd8+ Rxd8 20. Rd1 Rc8 21. Ne5 Qc7 22. Nf3 Bb4 23. Rc1 Qd7 24. Rd1 Qe7 25. Rc1 a5 26. Nd4 e5 27. Nf3 Qe6 28. Nd2 Nd7 29. Na2 Bxd2 30. Qxd2 Nc5 31. b4 axb4 32. Nxb4 Ra8 33. Qc2 Rxa4 34. Nd3 Qd5 35. Ne1 Ra2 36. Rd1 Qe4 37. Qxe4 Nxe4 38. Bxe5 Rxf2 39. Nf3 Ra2 40. Rd8+ Kh7 41. Rd7 f6 42. Rxb7 fxe5 43. Rxb6 Ng3 44. Nxe5 Nf5 45. Rb3 Re2 46. Kf1 Ng3+ 47. Kg1 Nf5 48. Kf1 Ng3+ 49. Kg1 Rc2 50. Kh2 Nf5 51. e4 Nh4 52. Rg3 Re2 53. Nf3 Rxe4 54. Nxh4 Rxh4 55. Ra3 Re4 56. Ra6 h5 57. Kg3 g5 58. Kf3 Rf4+ 59. Kg3 Rd4 60. Rb6 Kg7 61. Ra6 Rd3+ 62. Kh2 Re3 63. Rb6 Kf7 64. Rh6 h4 65. Ra6 Re6 66. Rxe6 Kxe6 67. g3 Ke5 68. gxh4 gxh4 69. Kg2 Ke4 70. Kh1 Kf3 71. Kh2 Kf2 72. Kh1 Kg3 73. Kg1 Kxh3 74. Kh1 Kg3 75. Kg1 h3 76. Kh1 h2 1/2-1/2

[Event "Bad Woerishofen op 33rd"]
[Site "Bad Woerishofen"]
[Date "2017.03.11"]
[Round "2"]
[White "Ballon, Guenther Jan"]
[Black "Naumkin, Igor"]
[Result "0-1"]
[WhiteElo "2106"]
[BlackElo "2416"]
[PlyCount "52"]
[EventDate "2017.03.10"]
[EventType "swiss"]
[EventRounds "9"]
[EventCountry "GER"]
[SourceTitle "EXT 2018"]
[Source "ChessBase"]
[SourceDate "2017.10.13"]
[SourceVersion "1"]
[SourceVersionDate "2017.10.13"]
[SourceQuality "1"]

1. d4 e6 2. c4 f5 3. g3 Nf6 4. Bg2 Be7 5. Nf3 0-0 6. 0-0 d6 7. b3 Qe8 8. Bb2 Qh5 9. Nbd2 Nc6 10. e3 Bd7 11. Ne1 Qh6 12. Nd3 Rae8 13. Qe2 e5 14. d5 Nd8 15. f3 Nf7 16. Nf2 Bd8 17. e4 f4 18. g4 c6 19. h3 Bb6 20. Kh2 Ng5 21. Nh1 Be3 22. Bc3 Bxg4 23. fxg4 f3 24. Rxf3 Nxg4+ 25. Kg3 Rxf3+ 26. Kxg4 Rxh3 0-1

[Event "Seville op 42nd"]
[Site "Seville"]
[Date "2017.01.14"]
[Round "2"]
[White "Ballon, Guenther Jan"]
[Black "Santos Latasa, Jaime"]
[Result "0-1"]
[WhiteElo "2093"]
[BlackElo "2566"]
[PlyCount "80"]
[EventDate "2017.01.13"]
[EventType "swiss"]
[EventRounds "9"]
[EventCountry "ESP"]
[SourceTitle "EXT 2019"]
[Source "ChessBase"]
[SourceDate "2018.10.10"]
[SourceVersion "1"]
[SourceVersionDate "2018.10.10"]
[SourceQuality "1"]

1. d4 f5 2. e4 fxe4 3. Nc3 Nf6 4. Bg5 Nc6 5. d5 Ne5 6. Qe2 c6 7. Bxf6 gxf6 8. Qxe4 Qb6 9. Na4 Qa5+ 10. Nc3 cxd5 11. Qxd5 Qxd5 12. Nxd5 Kf7 13. f4 Nc6 14. 0-0-0 e6 15. Nc3 Bb4 16. Nge2 f5 17. g3 d5 18. Nb5 Bd7 19. c3 Be7 20. Nbd4 Bf6 21. Nf3 Rhg8 22. Kb1 a6 23. c4 Ne7 24. Ned4 Rgd8 25. Be2 Rac8 26. cxd5 Nxd5 27. Rc1 Ne3 28. Rxc8 Bxc8 29. Nc2 Ng4 30. Rd1 Bd7 31. Bc4 b5 32. Bf1 Ke7 33. Rd2 Bg7 34. Bg2 Bc6 35. Rxd8 Kxd8 36. Ng5 Bxg2 37. Nxe6+ Ke7 38. Nxg7 Be4 39. Kc1 Kf7 40. h3 Nf6 0-1

[Event "Seville op 41st"]
[Site "Seville"]
[Date "2016.01.12"]
[Round "5"]
[White "Ballon, Guenther Jan"]
[Black "Perera Borrego, Mariela"]
[Result "1/2-1/2"]
[WhiteElo "2021"]
[BlackElo "2173"]
[PlyCount "66"]
[EventDate "2016.01.08"]
[EventType "swiss"]
[EventRounds "9"]
[EventCountry "ESP"]
[SourceTitle "CBM 170 Extra"]
[Source "ChessBase"]
[SourceDate "2016.02.25"]
[SourceVersion "1"]
[SourceVersionDate "2016.02.25"]
[SourceQuality "1"]

1. d4 Nf6 2. c4 e6 3. Nc3 Bb4 4. e3 0-0 5. Nge2 Re8 6. a3 Bf8 7. Ng3 d5 8. Bd3 dxc4 9. Bxc4 c5 10. dxc5 Qxd1+ 11. Kxd1 Bxc5 12. b4 Bb6 13. Bb2 Nc6 14. Ke2 e5 15. Nce4 Bg4+ 16. f3 Nxe4 17. Nxe4 Be6 18. Bxe6 Rxe6 19. Rhd1 f6 20. Rac1 a6 21. Rd7 Rb8 22. Nc5 Bxc5 23. Rxc5 Re7 24. Rd2 Rd8 25. Rxd8+ Nxd8 26. b5 axb5 27. Bc3 Nc6 28. Rxb5 Rd7 29. a4 Kf7 30. a5 Ke6 31. e4 h6 32. Rb6 Kd6 33. a6 bxa6 1/2-1/2

[Event "Seville op 41st"]
[Site "Seville"]
[Date "2016.01.09"]
[Round "2"]
[White "Ballon, Guenther Jan"]
[Black "Lei, Tingjie"]
[Result "0-1"]
[WhiteElo "2021"]
[BlackElo "2474"]
[PlyCount "84"]
[EventDate "2016.01.08"]
[EventType "swiss"]
[EventRounds "9"]
[EventCountry "ESP"]
[SourceTitle "CBM 170 Extra"]
[Source "ChessBase"]
[SourceDate "2016.02.25"]
[SourceVersion "1"]
[SourceVersionDate "2016.02.25"]
[SourceQuality "1"]

1. d4 Nf6 2. c4 g6 3. Nc3 d5 4. Bf4 Bg7 5. e3 c6 6. h3 0-0 7. Nf3 c5 8. dxc5 Ne4 9. Rc1 Nd7 10. cxd5 Qa5 11. Be2 Nxc3 12. bxc3 Bxc3+ 13. Kf1 Nxc5 14. Qc2 Bb4 15. Nd4 Bd7 16. Kg1 Rac8 17. Qb1 Na4 18. Rxc8 Bxc8 19. Bf3 Rd8 20. Qb3 Nc3 21. Qc4 Qc5 22. Qxc5 Bxc5 23. Nb3 Bb6 24. Kh2 Nxd5 25. Be5 Nb4 26. a4 a5 27. g4 Be6 28. Nd4 Bd5 29. Bxd5 Rxd5 30. Nf3 f6 31. Bg3 Kf7 32. Rc1 Rc5 33. Rxc5 Bxc5 34. Bc7 b6 35. Nd2 Nd5 36. Bb8 Nc3 37. Nc4 Nxa4 38. Kg2 Ke6 39. e4 Kd7 40. Bf4 Nc3 41. f3 a4 42. Nd2 Nb5 0-1

[Event "Munsterland op 33rd"]
[Site "Senden"]
[Date "2015.10.16"]
[Round "8"]
[White "Ballon, Guenther Jan"]
[Black "Mueller, Martin"]
[Result "1/2-1/2"]
[WhiteElo "2018"]
[BlackElo "2130"]
[PlyCount "61"]
[EventDate "2015.10.10"]
[EventType "swiss"]
[EventRounds "9"]
[EventCountry "GER"]
[SourceTitle "CBM 168 Extra"]
[Source "ChessBase"]
[SourceDate "2015.10.29"]
[SourceVersion "1"]
[SourceVersionDate "2015.10.29"]
[SourceQuality "1"]

1. d4 f5 2. e4 fxe4 3. Nc3 Nf6 4. Bg5 Nc6 5. d5 Ne5 6. Qe2 c6 7. Bxf6 gxf6 8. Qxe4 cxd5 9. Qxd5 e6 10. Qd4 Qa5 11. 0-0-0 a6 12. Ne4 f5 13. f4 fxe4 14. Qxe5 Qxe5 15. fxe5 b5 16. g3 Bb7 17. Bg2 Bg7 18. Re1 Rf8 19. Nh3 Bxe5 20. Bxe4 Bxe4 21. Rxe4 Bg7 22. c3 Rc8 23. a3 a5 24. Rhe1 Rf5 25. R1e2 Rh5 26. Nf4 Bh6 27. Kc2 Bxf4 28. Rxf4 Rc4 29. Rxc4 bxc4 30. b3 cxb3+ 31. Kxb3 1/2-1/2

[Event "Liechtenstein op 32nd"]
[Site "Triesen"]
[Date "2014.05.24"]
[Round "2"]
[White "Ballon, Guenther Jan"]
[Black "Bruno, Fabio"]
[Result "0-1"]
[WhiteElo "2104"]
[BlackElo "2419"]
[PlyCount "106"]
[EventDate "2014.05.23"]
[EventType "swiss"]
[EventRounds "9"]
[EventCountry "LIE"]
[SourceTitle "CBM 160 Extra"]
[Source "ChessBase"]
[SourceDate "2014.07.01"]
[SourceVersion "1"]
[SourceVersionDate "2014.07.01"]
[SourceQuality "1"]

1. d4 Nf6 2. c4 e6 3. Nc3 Bb4 4. e3 b6 5. Bd3 Bb7 6. Nf3 0-0 7. 0-0 Bxc3 8. bxc3 d6 9. Qc2 Nbd7 10. e4 e5 11. Be3 Re8 12. Nd2 Ng4 13. Rae1 Qh4 14. h3 Nxe3 15. Rxe3 Nf8 16. Nf3 Qf6 17. Kh2 Ne6 18. d5 Nf8 19. g3 Qh6 20. Ng1 g5 21. Be2 c6 22. a4 cxd5 23. cxd5 Rac8 24. a5 bxa5 25. Qa4 Re7 26. Qxa5 Rcc7 27. Bg4 Bc8 28. Kg2 Qg6 29. Rc1 h5 30. Bxc8 Rxc8 31. c4 Rc5 32. Qa6 Rec7 33. Nf3 Nd7 34. Nd2 Nb6 35. Rec3 g4 36. hxg4 hxg4 37. Re3 Kg7 38. Qa2 Rc8 39. Qa6 R5c7 40. Qb5 Rh8 41. Rg1 Nd7 42. Kf1 Nc5 43. Qb1 Rb7 44. Qc2 a5 45. Ke2 Rh2 46. Nf1 Rh8 47. Nd2 a4 48. Rb1 Rxb1 49. Qxb1 Rh2 50. Qg1 Qh6 51. Nf1 Rh1 52. Qg2 Nb3 53. f3 Nd4+ 0-1

[Event "Bad Woerishofen op 30th"]
[Site "Bad Woerishofen"]
[Date "2014.03.23"]
[Round "7"]
[White "Ballon, Guenther Jan"]
[Black "Ramin, Michael"]
[Result "1/2-1/2"]
[WhiteElo "2116"]
[BlackElo "2004"]
[PlyCount "34"]
[EventDate "2014.03.21"]
[EventType "swiss"]
[EventRounds "9"]
[EventCountry "GER"]
[SourceTitle "CBM 159 Extra"]
[Source "ChessBase"]
[SourceDate "2014.04.24"]
[SourceVersion "1"]
[SourceVersionDate "2014.04.24"]
[SourceQuality "1"]

1. d4 Nf6 2. c4 e6 3. Nc3 b6 4. a3 Bb7 5. e3 Be7 6. Nf3 0-0 7. Be2 d5 8. 0-0 Nbd7 9. b4 a5 10. b5 c5 11. bxc6 Bxc6 12. Bb2 Rb8 13. Ne5 Bb7 14. cxd5 Nxe5 15. dxe5 Nxd5 16. Nxd5 Qxd5 17. Qxd5 Bxd5 1/2-1/2

[Event "Bad Woerishofen op 30th"]
[Site "Bad Woerishofen"]
[Date "2014.03.23"]
[Round "8"]
[White "Schulz, Gert"]
[Black "Ballon, Guenther Jan"]
[Result "1/2-1/2"]
[WhiteElo "2004"]
[BlackElo "2116"]
[PlyCount "52"]
[EventDate "2014.03.21"]
[EventType "swiss"]
[EventRounds "9"]
[EventCountry "GER"]
[SourceTitle "CBM 159 Extra"]
[Source "ChessBase"]
[SourceDate "2014.04.24"]
[SourceVersion "1"]
[SourceVersionDate "2014.04.24"]
[SourceQuality "1"]

1. d4 d5 2. c4 c6 3. cxd5 cxd5 4. Nc3 Nf6 5. Bf4 Nc6 6. e3 a6 7. Bd3 e6 8. Nf3 Be7 9. h3 b5 10. 0-0 Bb7 11. Ne5 0-0 12. Nxc6 Bxc6 13. a3 Qd7 14. Qe2 Ne4 15. Rfc1 Rfc8 16. b3 Nxc3 17. Rxc3 b4 18. axb4 Bxb4 19. Rc2 Bb5 20. Rac1 Rxc2 21. Qxc2 Bxd3 22. Qxd3 Rc8 23. Rxc8+ Qxc8 24. g4 h6 25. Kg2 Qc6 26. Kf3 Bd6 1/2-1/2

[Event "Bad Woerishofen op 30th"]
[Site "Bad Woerishofen"]
[Date "2014.03.22"]
[Round "2"]
[White "Abdumalik, Zhansaya"]
[Black "Ballon, Guenther Jan"]
[Result "1-0"]
[WhiteElo "2379"]
[BlackElo "2116"]
[PlyCount "61"]
[EventDate "2014.03.21"]
[EventType "swiss"]
[EventRounds "9"]
[EventCountry "GER"]
[SourceTitle "CBM 159 Extra"]
[Source "ChessBase"]
[SourceDate "2014.04.24"]
[SourceVersion "1"]
[SourceVersionDate "2014.04.24"]
[SourceQuality "1"]

1. e4 c5 2. Nf3 e6 3. d4 cxd4 4. Nxd4 Nf6 5. Nc3 Nc6 6. Ndb5 Bb4 7. a3 Bxc3+ 8. Nxc3 d5 9. exd5 exd5 10. Bd3 0-0 11. 0-0 Bg4 12. f3 Be6 13. Bg5 h6 14. Bh4 g5 15. Bf2 Rc8 16. f4 d4 17. fxg5 hxg5 18. Ne4 Ng4 19. h3 f5 20. hxg4 fxe4 21. Bxe4 Rf4 22. Bf3 Qd7 23. Bg3 Rf7 24. Qe2 Re8 25. Rae1 a6 26. Qd2 Rg7 27. Be5 Nxe5 28. Rxe5 Qd8 29. Rd1 Qf6 30. Qxd4 Rd7 31. Rxe6 1-0

[Event "Bad Woerishofen op 28th"]
[Site "Bad Woerishofen"]
[Date "2012.03.03"]
[Round "2"]
[White "Epishin, Vladimir"]
[Black "Ballon, Guenther Jan"]
[Result "1-0"]
[WhiteElo "2559"]
[BlackElo "2183"]
[PlyCount "65"]
[EventDate "2012.03.02"]
[EventType "swiss"]
[EventRounds "9"]
[EventCountry "GER"]
[SourceTitle "EXT 2019"]
[Source "ChessBase"]
[SourceDate "2018.10.10"]
[SourceVersion "1"]
[SourceVersionDate "2018.10.10"]
[SourceQuality "1"]

1. d4 d5 2. c4 e6 3. Nf3 Nf6 4. Bg5 Nbd7 5. e3 c6 6. Nbd2 h6 7. Bh4 Be7 8. Bd3 0-0 9. 0-0 b6 10. Qe2 Bb7 11. Rfd1 c5 12. cxd5 Nxd5 13. Bg3 cxd4 14. Nxd4 N7f6 15. a3 Bd6 16. Nc4 Bxg3 17. hxg3 Ne7 18. Nb5 Qb8 19. e4 e5 20. Nbd6 Nc6 21. Nxb7 Qxb7 22. Nd6 Qb8 23. Nf5 Rd8 24. Bb5 Na5 25. b4 a6 26. Rxd8+ Qxd8 27. Rd1 Qc7 28. Bxa6 Nb3 29. Bc4 Nd4 30. Nxd4 exd4 31. e5 Re8 32. f4 Nh5 33. Bb5 1-0